| 000 | 01028 am a2200301ua 4500 | ||
|---|---|---|---|
| 999 |
_c28598 _d28569 |
||
| 001 | 006776904 | ||
| 003 | EG-ScBUE | ||
| 005 | 20200825122150.0 | ||
| 008 | 990802t1998 nyua f b 001 0 eng d | ||
| 020 | _a0070245770 | ||
| 020 | _a0079136141 | ||
| 040 |
_aUk _beng _erda _cUk _dEG-ScBUE |
||
| 082 | 0 | 4 |
_a363.179 _bGEN _222 |
| 245 | 0 | 0 |
_aGenium's handbook of safety, health and environmental data _bfor common hazardous substances. |
| 264 | 1 |
_aNew York, N. Y. : _bMcGraw-Hill, _c[1999] |
|
| 264 | 4 | _cc1999 | |
| 300 |
_a3 volumes : _billustrations ; _c29 cm |
||
| 336 |
_atext _2rdacontent _btxt |
||
| 337 |
_aunmediated _2rdamedia _bn |
||
| 338 |
_avolume _2rdacarrier _bnc |
||
| 504 | _aIncludes bibliographical references and index. | ||
| 505 | 0 | _aContents: Vol.1 A-G. - Vol.2 H-Z. - Vol.3 Index. | |
| 650 | 7 |
_aChemicals _xSafety measures _vHandbooks, manuals, etc. _2BUEsh |
|
| 650 | 7 |
_aIndustrial safety _vHandbooks, manuals, etc. _2BUEsh |
|
| 653 |
_bGGEN _cJuly2020 |
||
| 655 |
_vReading book _934232 |
||
| 942 |
_2ddc _cBB |
||